| 000 | 00614cab a22002055a 4500 | ||
|---|---|---|---|
| 001 | L156008 | ||
| 008 | 120424e20120421xxk 000 0 eng d | ||
| 035 | _a(Sirsi) u156008 | ||
| 041 | 0 | _aeng | |
| 100 | 1 | _aAllen, Tim | |
| 245 | 0 | 0 | _aFranchises property pitfalls |
| 260 | _c2012 | ||
| 490 |
_aEstates Gazette _v(1216) 21 April 2012, 100-101(2) |
||
| 520 | _a A Mainly for students article highlights the peculiarities and risks of leasing property to franchisees. | ||
| 590 | _aKA | ||
| 651 | 4 | _aUNITED KINGDOM | |
| 690 |
_aCommercial property _96227 |
||
| 690 |
_aLandlord and tenant _96252 |
||
| 942 | _n0 | ||
| 999 |
_c83944 _d83944 |
||